La campana del arrecife / (Registro nro. 3357)
[ vista simple ]
| 000 -LEADER | |
|---|---|
| fixed length control field | 01425nam a2200301Ia 4500 |
| 003 - CONTROL NUMBER IDENTIFIER | |
| control field | OSt |
| 005 - DATE AND TIME OF LATEST TRANSACTION | |
| control field | 20250710123448.0 |
| 008 - FIXED-LENGTH DATA ELEMENTS--GENERAL INFORMATION | |
| fixed length control field | 191128s1989 ck br 000 f spa d |
| 020 ## - INTERNATIONAL STANDARD BOOK NUMBER | |
| International Standard Book Number | 9580408548 |
| 040 ## - CATALOGING SOURCE | |
| Original cataloging agency | CO-JMCR |
| Transcribing agency | CO-JMCR |
| 041 ## - LANGUAGE CODE | |
| Language code of text/sound track or separate title | spa |
| 082 04 - DEWEY DECIMAL CLASSIFICATION NUMBER | |
| Classification number | N |
| Item number | KENc |
| 100 1# - MAIN ENTRY--PERSONAL NAME | |
| Personal name | Kendall, Sarita, |
| Relator term | autora |
| 9 (RLIN) | 7531 |
| 245 13 - TITLE STATEMENT | |
| Title | La campana del arrecife / |
| Statement of responsibility, etc. | Sarita Kendall; traducción de Jorge Cárdenas Nannetti |
| 250 ## - EDITION STATEMENT | |
| Edition statement | Primera edición |
| 260 ## - PUBLICATION, DISTRIBUTION, ETC. | |
| Place of publication, distribution, etc. | Bogotá : |
| Name of publisher, distributor, etc. | Norma, |
| Date of publication, distribution, etc. | 1989 |
| 300 ## - PHYSICAL DESCRIPTION | |
| Extent | 173 páginas : |
| Other physical details | ilustraciones a blanco y negro ; |
| Dimensions | 20 cm. |
| 490 0# - SERIES STATEMENT | |
| Series statement | Torre de papel. Amarilla |
| 505 0# - FORMATTED CONTENTS NOTE | |
| Formatted contents note | Viernes: la isla -- Viernes: Cartagena -- Sábado: el arrecife -- Domingo: el cable -- Lunes por la mañana: otra vez en el arrecife -- Lunes por la tarde: el descabezado -- Martes: la biblioteca |
| 520 3# - SUMMARY, ETC. | |
| Summary, etc. | Dos niños, un isleño y una norteamericana, descubren un disco de oro en los arrecifes de una isla caribeña ubicada en las costas de Colombia. Juntos intentan sacar el disco del fondo del mar, y encuentran vestigios de un naufragio que los remonta a la época de la colonia. |
| 521 ## - TARGET AUDIENCE NOTE | |
| Target audience note | A partir de los 11 años. |
| 650 14 - SUBJECT ADDED ENTRY--TOPICAL TERM | |
| Topical term or geographic name entry element | Novela infantil brasileña |
| 9 (RLIN) | 7532 |
| Chronological subdivision | Siglo XX |
| 650 24 - SUBJECT ADDED ENTRY--TOPICAL TERM | |
| Topical term or geographic name entry element | Literatura infantil brasileña |
| Chronological subdivision | Siglo XX |
| 9 (RLIN) | 42729 |
| 650 24 - SUBJECT ADDED ENTRY--TOPICAL TERM | |
| Topical term or geographic name entry element | Mar |
| Form subdivision | Novela |
| 9 (RLIN) | 42730 |
| 650 24 - SUBJECT ADDED ENTRY--TOPICAL TERM | |
| Topical term or geographic name entry element | Naufragios |
| Form subdivision | Novela |
| 9 (RLIN) | 42731 |
| 700 1# - ADDED ENTRY--PERSONAL NAME | |
| Personal name | Cárdenas Nannetti, Jorge, |
| Relator term | traductor |
| 9 (RLIN) | 2223 |
| 942 ## - ADDED ENTRY ELEMENTS (KOHA) | |
| Source of classification or shelving scheme | Dewey Decimal Classification |
| Koha item type | Books |
| Withdrawn status | Lost status | Source of classification or shelving scheme | Damaged status | Not for loan | Home library | Current library | Date acquired | Total Checkouts | Total Renewals | Full call number | Barcode | Date last seen | Date last checked out | Copy number | Koha item type | Collection code | Source of acquisition | Price effective from |
|---|---|---|---|---|---|---|---|---|---|---|---|---|---|---|---|---|---|---|
| Dewey Decimal Classification | Biblioteca Pública José María del Castillo y Rada | Biblioteca Pública José María del Castillo y Rada | 11/28/2019 | 5 | 2 | N KENc | 201807007 | 03/26/2026 | 03/26/2026 | Ej.1 | Books | |||||||
| Dewey Decimal Classification | Biblioteca Pública José María del Castillo y Rada | Biblioteca Pública José María del Castillo y Rada | 11/28/2019 | 5 | N KENc | 201809097 | 03/31/2026 | 03/31/2026 | Ej.3 | Books | Fiction | Donación | 07/18/2020 | |||||
| Dewey Decimal Classification | Biblioteca Pública José María del Castillo y Rada | Biblioteca Pública José María del Castillo y Rada | 04/13/2023 | 1 | N KENc | 201808858 | 03/12/2024 | 03/12/2024 | Ej.2 | Books | 04/13/2023 |